Manažment obchodného (úverového) rizika so zameraním na pohľadávky
Finančné riziko a riziko úverové - príčiny vzniku. Manažment obchodného rizika - t.j. poskytnutia obchodného úveru medzi dodávateľom a odberateľom. Manažment pohľadávok firmy, jeho ciele. Nástroje manažmentu pohľadávok, nástroje platenia používané kvôli eliminácii obchodného rizika.
Salvato in:
| Autore principale: | |
|---|---|
| Altri autori: | |
| Natura: | Capitolo di libro |
| Lingua: | slovacco |
| Soggetti: | |
| Tags: |
Nessun Tag, puoi essere il primo ad aggiungerne!!
|
MARC
| LEADER | 00000naa$a2200000$$$4500 | ||
|---|---|---|---|
| 001 | 0046656 | ||
| 005 | 20240502071534.8 | ||
| 041 | 0 | |a slo | |
| 044 | |a SK | ||
| 245 | 1 | 0 | |a Manažment obchodného (úverového) rizika so zameraním na pohľadávky |c Dušan Čunderlík, Pavol Serina |
| 520 | |a Finančné riziko a riziko úverové - príčiny vzniku. Manažment obchodného rizika - t.j. poskytnutia obchodného úveru medzi dodávateľom a odberateľom. Manažment pohľadávok firmy, jeho ciele. Nástroje manažmentu pohľadávok, nástroje platenia používané kvôli eliminácii obchodného rizika. | ||
| 610 | 2 | 0 | |a riziko finančné |
| 610 | 2 | 0 | |a riziko obchodné |
| 610 | 2 | 0 | |a riziko úverové |
| 610 | 2 | 0 | |a pohľadávky |
| 610 | 2 | 0 | |a manažment úverový |
| 610 | 2 | 0 | |a nástroje riadenia |
| 100 | 1 | |a Čunderlík, Dušan | |
| 700 | 1 | |a Serina, Pavol | |